[Event "ROM-ch U14"]
[Site "Calimanesti Caciulata"]
[Date "2019.04.21"]
[Round "8"]
[White "Chiriac, Andrei Cosmin"]
[Black "Ferentiu, Raul Florin"]
[Result "1/2-1/2"]
[WhiteElo "1488"]
[BlackElo "1681"]
[PlyCount "35"]
[EventDate "2019.04.15"]
[EventType "swiss"]
[EventRounds "9"]
[EventCountry "ROU"]
[SourceTitle "CBM 190 Extra"]
[Source "ChessBase"]
[SourceDate "2019.07.15"]
[SourceVersion "1"]
[SourceVersionDate "2019.07.15"]
[SourceQuality "1"]

1. Nf3 d5 2. c4 dxc4 3. Qa4+ Nd7 4. Qxc4 Ngf6 5. d4 e6 6. g3 c6 7. Bg2 Bd6 8. 0-0 0-0 9. Nc3 Qc7 10. e4 e5 11. Rd1 Nb6 12. Qe2 Bg4 13. h3 Bxf3 14. Qxf3 exd4 15. Rxd4 Be5 16. Rd1 Rad8 17. Bf4 Bxf4 18. gxf4 1/2-1/2

[Event "ROM-ch U14"]
[Site "Calimanesti Caciulata"]
[Date "2019.04.17"]
[Round "3"]
[White "Chiriac, Andrei Cosmin"]
[Black "Bantescu, Dan"]
[Result "1/2-1/2"]
[WhiteElo "1488"]
[BlackElo "1872"]
[PlyCount "35"]
[EventDate "2019.04.15"]
[EventType "swiss"]
[EventRounds "9"]
[EventCountry "ROU"]
[SourceTitle "CBM 190 Extra"]
[Source "ChessBase"]
[SourceDate "2019.07.15"]
[SourceVersion "1"]
[SourceVersionDate "2019.07.15"]
[SourceQuality "1"]

1. Nf3 Nf6 2. c4 e6 3. Nc3 d5 4. d4 Be7 5. Bg5 Nbd7 6. e3 0-0 7. Be2 b6 8. Rc1 a6 9. cxd5 exd5 10. Ne5 Bb7 11. Nxd7 Nxd7 12. Bxe7 Qxe7 13. Bf3 Nf6 14. Qb3 Ne4 15. Nxe4 dxe4 16. Be2 Rad8 17. 0-0 Rd6 18. Rc3 1/2-1/2

[Event "ROM-ch U14"]
[Site "Calimanesti Caciulata"]
[Date "2019.04.15"]
[Round "1"]
[White "Chiriac, Andrei Cosmin"]
[Black "Vilcu, Matei Stefan"]
[Result "0-1"]
[WhiteElo "1488"]
[BlackElo "1950"]
[PlyCount "40"]
[EventDate "2019.04.15"]
[EventType "swiss"]
[EventRounds "9"]
[EventCountry "ROU"]
[SourceTitle "CBM 190 Extra"]
[Source "ChessBase"]
[SourceDate "2019.07.15"]
[SourceVersion "1"]
[SourceVersionDate "2019.07.15"]
[SourceQuality "1"]

1. d3 g6 2. g3 Bg7 3. Bg2 d5 4. c3 e5 5. e4 Ne7 6. Ne2 0-0 7. 0-0 Nbc6 8. b4 a6 9. a4 Be6 10. Bb2 Qd7 11. Na3 f5 12. Nc2 dxe4 13. dxe4 Qxd1 14. Rfxd1 Bb3 15. Rdc1 Rad8 16. Ra3 Bc4 17. Bf1 Rd2 18. Ned4 Bxf1 19. Nxc6 Nxc6 20. Kxf1 fxe4 0-1

[Event "ROM-ch U14"]
[Site "Calimanesti"]
[Date "2018.03.29"]
[Round "3"]
[White "Danila, Stefan"]
[Black "Chiriac, Andrei Cosmin"]
[Result "1/2-1/2"]
[WhiteElo "1613"]
[BlackElo "1250"]
[PlyCount "71"]
[EventDate "2018.03.27"]
[EventType "swiss"]
[EventRounds "9"]
[EventCountry "ROU"]
[SourceTitle "CBM 183 Extra"]
[Source "ChessBase"]
[SourceDate "2018.04.19"]
[SourceVersion "1"]
[SourceVersionDate "2018.04.19"]
[SourceQuality "1"]

1. e4 d6 2. d4 Nf6 3. Nc3 g6 4. Nf3 Bg7 5. Be2 Bg4 6. h3 Bxf3 7. Bxf3 c6 8. Be3 Nbd7 9. Qd2 0-0 10. h4 h5 11. Qe2 Kh7 12. g4 hxg4 13. Bxg4 Nxg4 14. Qxg4 Nf6 15. Qf3 Nh5 16. 0-0-0 Qa5 17. Rdg1 Bf6 18. Kb1 Rh8 19. Ne2 Kg8 20. Bg5 Kg7 21. c3 d5 22. e5 Bxg5 23. Rxg5 f6 24. exf6+ exf6 25. Rg2 Kf7 26. Rhg1 Rag8 27. Nf4 Nxf4 28. Qxf4 Qd8 29. Qg3 Rh5 30. Qd3 f5 31. Rg5 Rxh4 32. Qg3 Rh6 33. f4 Qf6 34. Re1 Re8 35. a3 Rxe1+ 36. Qxe1 1/2-1/2

[Event "ROM-ch U14"]
[Site "Calimanesti"]
[Date "2018.03.29"]
[Round "4"]
[White "Gavris, Alexandru Catalin"]
[Black "Chiriac, Andrei Cosmin"]
[Result "0-1"]
[WhiteElo "1535"]
[BlackElo "1250"]
[PlyCount "102"]
[EventDate "2018.03.27"]
[EventType "swiss"]
[EventRounds "9"]
[EventCountry "ROU"]
[SourceTitle "CBM 183 Extra"]
[Source "ChessBase"]
[SourceDate "2018.04.19"]
[SourceVersion "1"]
[SourceVersionDate "2018.04.19"]
[SourceQuality "1"]

1. e4 d6 2. Nc3 g6 3. d3 Bg7 4. f4 e6 5. Nf3 Ne7 6. g3 c5 7. Be3 Nbc6 8. Bg2 0-0 9. 0-0 b6 10. d4 cxd4 11. Nxd4 Qd7 12. Ncb5 Nxd4 13. Nxd4 Bb7 14. c3 d5 15. e5 Rfc8 16. Rc1 b5 17. Qb3 a6 18. a3 Nc6 19. Bd2 Na5 20. Qc2 Nc4 21. Rfe1 Bc6 22. Be3 Bf8 23. Bf2 Rab8 24. h4 h5 25. Bf1 a5 26. Kh2 Ba8 27. Nf3 b4 28. axb4 axb4 29. Bd4 b3 30. Qf2 Qb5 31. Nd2 Bc6 32. Nxc4 dxc4 33. Ra1 Ra8 34. Bg2 Ra2 35. Rab1 Rca8 36. Bxc6 Qxc6 37. Qg2 Qxg2+ 38. Kxg2 R8a5 39. Kf3 Bc5 40. Red1 R2a4 41. Bxc5 Rxc5 42. Rd8+ Kg7 43. g4 hxg4+ 44. Kxg4 Raa5 45. Rbd1 Rd5 46. R1xd5 Rxd5 47. Rxd5 exd5 48. Kf3 d4 49. cxd4 c3 50. bxc3 b2 51. d5 b1Q 0-1

[Event "ROM-ch U14"]
[Site "Calimanesti"]
[Date "2018.03.28"]
[Round "2"]
[White "Chiriac, Andrei Cosmin"]
[Black "Udroiu, Mihnea Alexandru"]
[Result "1-0"]
[WhiteElo "1250"]
[BlackElo "1006"]
[PlyCount "65"]
[EventDate "2018.03.27"]
[EventType "swiss"]
[EventRounds "9"]
[EventCountry "ROU"]
[SourceTitle "CBM 183 Extra"]
[Source "ChessBase"]
[SourceDate "2018.04.19"]
[SourceVersion "1"]
[SourceVersionDate "2018.04.19"]
[SourceQuality "1"]

1. Nf3 Nc6 2. d4 d5 3. e3 Nf6 4. Nbd2 Bg4 5. Bb5 e6 6. h3 Bh5 7. g4 Bg6 8. Ne5 Qd6 9. c3 a6 10. Qa4 Kd8 11. Bxc6 bxc6 12. Qxc6 Ra7 13. Qxd6+ Bxd6 14. Nc6+ Kd7 15. Nxa7 Ra8 16. f3 Rxa7 17. Kf2 c5 18. h4 h6 19. Nb3 c4 20. Nd2 e5 21. b3 cxb3 22. axb3 e4 23. g5 Nh5 24. f4 Ke6 25. Ba3 Rc7 26. Bxd6 Kxd6 27. Rxa6+ Kd7 28. c4 dxc4 29. bxc4 Rb7 30. Rb1 Rxb1 31. Nxb1 f6 32. gxh6 gxh6 33. Nc3 1-0

[Event "ROM-ch U14"]
[Site "Calimanesti"]
[Date "2018.03.27"]
[Round "1"]
[White "Stroe, Flavius Gabriel"]
[Black "Chiriac, Andrei Cosmin"]
[Result "1-0"]
[WhiteElo "1857"]
[BlackElo "1250"]
[PlyCount "99"]
[EventDate "2018.03.27"]
[EventType "swiss"]
[EventRounds "9"]
[EventCountry "ROU"]
[SourceTitle "CBM 183 Extra"]
[Source "ChessBase"]
[SourceDate "2018.04.19"]
[SourceVersion "1"]
[SourceVersionDate "2018.04.19"]
[SourceQuality "1"]

1. d4 Nf6 2. c4 e6 3. Nc3 Bb4 4. a3 Bxc3+ 5. bxc3 Ne4 6. Qc2 f5 7. e3 b6 8. Bd3 Bb7 9. Nf3 d6 10. 0-0 Nd7 11. Nd2 Nef6 12. f3 0-0 13. e4 fxe4 14. fxe4 e5 15. Nf3 Qe7 16. Bg5 h6 17. Bxf6 Rxf6 18. Rf2 g5 19. c5 Raf8 20. Raf1 Kh8 21. Bb5 c6 22. cxd6 Qxd6 23. Bc4 b5 24. Ba2 c5 25. dxe5 Nxe5 26. Nxe5 Qxe5 27. Bb1 Rxf2 28. Rxf2 Rf4 29. Rxf4 gxf4 30. Qd3 Bc6 31. Qh3 Bxe4 32. Qc8+ Kg7 33. Qg4+ Kf6 34. Qh4+ Kg7 35. Qe1 Qd5 36. Qxe4 Qxe4 37. Bxe4 a5 38. Bc6 b4 39. cxb4 cxb4 40. axb4 axb4 41. Bd5 Kf6 42. Kf2 Ke5 43. Ba2 h5 44. Kf3 Kf5 45. h4 Ke5 46. Bb1 b3 47. Bg6 b2 48. Bb1 Kf6 49. Kxf4 Kf7 50. Kg5 1-0